Documents of american history
Gardado en:
| Autor Principal: | |
|---|---|
| Formato: | Libro |
| Idioma: | inglés |
| Publicado: |
Nueva York
Appleton-Century-Crofts
1948
|
| Edición: | 4a. ed |
| Series: | Crofts American History
|
| Subjects: | |
| Tags: |
Engadir etiqueta
Sen Etiquetas, Sexa o primeiro en etiquetar este rexistro!
|
MARC
| LEADER | 00000nam a2200000 a 4500 | ||
|---|---|---|---|
| 001 | UCO1074 | ||
| 003 | CL-VaPUC | ||
| 008 | 000505e19480000US |||||||||||||||||eng|d | ||
| 082 | 0 | 4 | |a 973 |b COM |2 21 |
| 100 | 0 | |a Commager, Henry Steele |e author |9 442863 | |
| 245 | 1 | 0 | |a Documents of american history |
| 250 | |a 4a. ed | ||
| 300 | |a 781 p | ||
| 942 | |c BK | ||
| 945 | |d 20000505 00:00:00 |a crobeson | ||
| 260 | |a Nueva York |b Appleton-Century-Crofts |c 1948 | ||
| 650 | 7 | |a HISTORIA ESTADOUNIDENSE |2 CL-VaPUC |9 350346 | |
| 650 | 7 | |a FUENTES |2 CL-VaPUC |9 255666 | |
| 650 | 7 | |a DOCUMENTOS |2 CL-VaPUC |9 366450 | |
| 650 | 0 | |a Discursos |9 265028 | |
| 650 | 7 | |a TRATADOS |2 CL-VaPUC |9 442864 | |
| 650 | 0 | |a Cartas |9 321777 | |
| 651 | 0 | |a Estados Unidos |9 255178 | |
| 583 | |a last modification |c 20000505 00:00:00 |k Rodrigo Vera | ||
| 490 | 0 | |a Crofts American History | |
| 999 | |c 287707 |d 287705 | ||
| 952 | |0 0 |1 0 |4 0 |6 973_000000000000000_COM_1948 |7 0 |8 X |9 334671 |a BIBHIS |b BIBHIS |d 2019-11-20 |i 1273523 |o 973 COM 1948 |p 1273523 |r 2024-01-30 |w 2019-11-20 |y BK_X |k HIS | ||